| 000 | 00582nam a22002057a 4500 | ||
|---|---|---|---|
| 003 | AR-BeUNQ | ||
| 005 | 20220225124549.0 | ||
| 008 | 181127b xxu||||| |||| 00| 0 spa d | ||
| 020 | _a9789500010016 | ||
| 040 |
_aAR-BeUNQ _bspa _eaacr |
||
| 082 |
_a863 _221 |
||
| 700 |
_aLojo, Maria Rosa _erecopiladora |
||
| 245 |
_aHistoria y Ficción _cMaria Rosa lojo |
||
| 250 | _a1a. ed. | ||
| 260 |
_aBuenos Aires : _bMinisterio de Educación de la Nación, _c2013 |
||
| 300 |
_a136 p. ; _bil. ; _c25 cm. |
||
| 490 | _aColeccion Narrativas. | ||
| 929 |
_aDONACION _d0 _j57407 |
||
| 942 |
_cLIB _n0 |
||
| 999 |
_c200 _d200 |
||